=LDR 00000nam 2200000 4500 =001 INLIS000000000009730 =005 20130612101519 =008 ***********************************Ind** =035 ##$$0010-061300000009730 =041 ##$$a Ind =082 ##$$a 636.6 =090 ##$$a 636.6, Sum a =100 ##$$a Sumarjoto, R =245 ##$$a Agar Burung Selalu sehat, R.Sumarjoto =260 ##$$a 1999 $b Jakarta =300 ##$$a viii, 40 hlm, ilus, 21 cm =650 ##$$a Burung =700 ##$$a Prayitno =850 ##$$a NBPNMAT